[Event "TURNIEJ O PUCHAR UKS PALAC MLODZIEZY KATOWICE Z OKAZJI DNIA NIEPODLEGLOSCI"]
[Site "Centrum Kongresow i Rekreacji Orle Gniazdo ul. Wrzosowa 28a, Szczyrk"]
[Date "1899-12-30"]
[Round "9.21"]
[White "Golinski, Kacper"]
[Black "Trybowska, Barbara"]
[Result "1/2-1/2"]
[WhiteTitle "II"]
[BlackTitle "I"]
[WhiteElo "1300"]
[BlackElo "1665"]

1. Nc3 Nc6 2. Nb1 Nb8 3. e4 e5 4. Nf3 Nc6 5. Bb5 a6 6. Bxc6 dxc6 7. h3 Bd6 8. O-O
Nf6 9. Re1 h6 10. d4 Qe7 11. dxe5 Bxe5 12. Nxe5 Qxe5 13. Nc3 Qe7 14. f4 O-O 15.
Qf3 Nh7 16. Be3 Bd7 17. g4 Rae8 18. Kh2 Nf6 19. Bd4 c5 20. Bxf6 Qxf6 21. Nd5 Qc6
22. f5 Qd6+ 23. Kh1 c6 24. Nc3 Qc7 25. Rad1 b5 26. f6 g6 27. Qe3 Kh7 28. Rg1 b4
29. Ne2 Qe5 30. g5 Qxe4+ 31. Qxe4 Rxe4 32. Ng3 Rd4 33. Kh2 Be6 34. Rxd4 cxd4 35.
b3 hxg5 36. Ne4 Rd8 37. Nxg5+ Kg8 38. Nxe6 fxe6 39. Rxg6+ Kf7 40. Rg7+ Kxf6 41.
Rc7 Rd6 42. h4 e5 43. Kg3 e4 44. Kf2 Ke6 45. Rg7 Rd5 46. Rg6+ Kd7 47. Rh6 Rf5+
48. Ke2 Rf3 49. h5 Rh3 50. Rh7+ Kd6 51. h6 Kc5 52. Rh8 Rh2+ 53. Kd1 d3 54. cxd3
exd3 55. h7 a5 56. Ke1 Rh1+ 57. Kd2 Rh2+ 58. Kxd3 Rh3+ 59. Kd2 Rh2+ 1/2-1/2

[Event "TURNIEJ O PUCHAR UKS PALAC MLODZIEZY KATOWICE Z OKAZJI DNIA NIEPODLEGLOSCI"]
[Site "Centrum Kongresow i Rekreacji Orle Gniazdo ul. Wrzosowa 28a, Szczyrk"]
[Date "1899-12-30"]
[Round "9.22"]
[White "Pluta, Natalia"]
[Black "Lendzion, Kamil"]
[Result "1-0"]
[WhiteTitle "I"]
[BlackTitle "II"]
[WhiteElo "1652"]
[BlackElo "1388"]

1. c4 c5 2. g3 Nc6 3. Bg2 b6 4. Nc3 Bb7 5. e3 e6 6. Nge2 Nge7 7. O-O d5 8. cxd5
Nxd5 9. d4 cxd4 10. Nxd5 exd5 11. Nxd4 Bc5 12. Nxc6 Bxc6 13. a3 a5 14. Rb1 O-O
15. b4 axb4 16. axb4 Be7 17. Bb2 Qd6 18. Bd4 b5 19. Qg4 Qg6 20. Qxg6 hxg6 21.
Rfd1 Rfd8 22. Rbc1 Rac8 23. Bc5 Bf6 24. Bb6 Re8 25. Bxd5 Bxd5 26. Rxc8 Rxc8 27.
Rxd5 Rc1+ 28. Kg2 Bc3 29. Rxb5 Rc2 30. Bc5 Be1 31. e4 Rb2 32. Rb8+ Kh7 33. b5
Rc2 34. Be3 Bc3 35. Rc8 f5 36. Bd4 Rb2 37. Bxc3 Rxb5 38. Rc7 Kh6 39. Bxg7+ Kh5
40. e5 g5 41. Bf6 f4 42. Rh7+ Kg6 43. Rg7+ Kf5 44. Rxg5+ Ke4 45. Rg4 Rb4 1-0

[Event "TURNIEJ O PUCHAR UKS PALAC MLODZIEZY KATOWICE Z OKAZJI DNIA NIEPODLEGLOSCI"]
[Site "Centrum Kongresow i Rekreacji Orle Gniazdo ul. Wrzosowa 28a, Szczyrk"]
[Date "1899-12-30"]
[Round "9.23"]
[White "Raclawicki, Kacper"]
[Black "Sloniewski, Michal"]
[Result "1-0"]
[WhiteTitle "I"]
[BlackTitle "I"]
[WhiteElo "1619"]
[BlackElo "1327"]

1. e4 d5 2. exd5 Nf6 3. Nc3 Nxd5 4. Nxd5 Qxd5 5. d4 g6 6. Nf3 Bg7 7. c4 Qd8 8.
h3 Nc6 9. Be3 O-O 10. Be2 Bf5 11. O-O e5 12. d5 Ne7 13. Qd2 Bd7 14. Bh6 e4 15.
Nd4 f5 16. Bxg7 Kxg7 17. f3 c5 18. Nc2 exf3 19. Bxf3 Nc8 20. Rae1 Nd6 21. Ne3
Re8 22. Nd1 Nxc4 23. Qc3+ Kg8 24. Qxc4 Rxe1 25. Rxe1 Qc7 26. d6+ 1-0

[Event "TURNIEJ O PUCHAR UKS PALAC MLODZIEZY KATOWICE Z OKAZJI DNIA NIEPODLEGLOSCI"]
[Site "Centrum Kongresow i Rekreacji Orle Gniazdo ul. Wrzosowa 28a, Szczyrk"]
[Date "1899-12-30"]
[Round "9.24"]
[White "Gredka, Dominika"]
[Black "Laszczuk, Zuzanna"]
[Result "1-0"]
[WhiteTitle "I++"]
[BlackTitle "I"]
[WhiteElo "1614"]
[BlackElo "1229"]

1. e4 e5 2. Nf3 Nc6 3. Bb5 f5 4. exf5 e4 5. Bxc6 bxc6 6. Nd4 Bc5 7. Qh5+ g6 8.
fxg6 Bxd4 9. g7+ Ke7 10. Qh4+ Bf6 11. gxh8=Q Kf8 12. Qh6+ Kf7 13. Q8xh7+ Ke6 14.
Qxe4+ Kf7 15. Qeg6+ Ke7 16. Qhh7+ Kd6 17. Qhxg8 Kc5 18. Qf5+ Kb6 19. Qb3+ Ka6
20. Qc4+ Kb6 21. Qb4+ Ka6 22. Qfa5# 1-0

[Event "TURNIEJ O PUCHAR UKS PALAC MLODZIEZY KATOWICE Z OKAZJI DNIA NIEPODLEGLOSCI"]
[Site "Centrum Kongresow i Rekreacji Orle Gniazdo ul. Wrzosowa 28a, Szczyrk"]
[Date "1899-12-30"]
[Round "9.25"]
[White "Bartkiewicz, Pawel"]
[Black "Kalkowski, Igor"]
[Result "1-0"]
[WhiteTitle "I"]
[BlackTitle "II"]
[WhiteElo "1698"]
[BlackElo "1284"]

1. e4 c5 2. Nf3 g6 3. d4 cxd4 4. Nxd4 Nc6 5. c4 Nf6 6. Nc3 d6 7. Be3 Ng4 8. Nc2
Nxe3 9. Nxe3 Bg7 10. Rc1 O-O 11. Be2 a5 12. O-O a4 13. f3 Qa5 14. Qd2 Be6 15.
Kh1 Ne5 16. Rfd1 Qb4 17. Ncd5 Qxd2 18. Nxe7+ Kh8 19. Rxd2 Bh6 20. Rc3 Rfe8 21.
N7d5 Rac8 22. Nb6 Rc6 23. Nxa4 Nxc4 24. Bxc4 Bxc4 25. b3 Bb5 26. Rxc6 Bxc6 27.
Rd3 Ra8 28. Nc3 Rd8 29. Ned5 Bxd5 30. Nxd5 Rc8 31. h3 Rc2 32. a4 Kg8 33. Kh2 Bg7
34. Kg3 Be5+ 35. f4 Bg7 36. Ne3 Rb2 37. Nc4 Rc2 38. Nxd6 b6 39. Nc4 Ra2 40. Nxb6
Ra3 41. Nc4 Ra2 42. a5 Ra4 43. bxa4 1-0

[Event "TURNIEJ O PUCHAR UKS PALAC MLODZIEZY KATOWICE Z OKAZJI DNIA NIEPODLEGLOSCI"]
[Site "Centrum Kongresow i Rekreacji Orle Gniazdo ul. Wrzosowa 28a, Szczyrk"]
[Date "1899-12-30"]
[Round "9.26"]
[White "Olsztynski, Andrzej"]
[Black "Posluszny, Tomasz"]
[Result "1-0"]
[WhiteTitle "II"]
[BlackTitle "II"]
[WhiteElo "1420"]
[BlackElo "1627"]

1. e4 c5 2. Nf3 e6 3. c3 d5 4. e5 Nc6 5. d4 Qb6 6. Na3 cxd4 7. cxd4 Bb4+ 8. Bd2
Bxa3 9. bxa3 Nxd4 10. Nxd4 Qxd4 11. Bb5+ Bd7 12. Bxd7+ Kxd7 13. O-O Ne7 14. Re1
Nc6 15. Qb3 Qb6 16. Qg3 g6 17. Rab1 Qa6 18. Qf4 Rhf8 19. Qf3 Rac8 20. Qb3 Rc7
21. Re3 Nd4 22. Qb4 Rfc8 23. Ree1 Nc2 24. Qh4 Nxe1 25. Rxe1 Rc2 26. Bb4 Rc1 27.
Qe7+ Kc6 28. Rxc1+ Kb5 29. Rxc8 Qa4 30. Qc5+ Ka6 31. h3 Qd1+ 32. Kh2 1-0

[Event "TURNIEJ O PUCHAR UKS PALAC MLODZIEZY KATOWICE Z OKAZJI DNIA NIEPODLEGLOSCI"]
[Site "Centrum Kongresow i Rekreacji Orle Gniazdo ul. Wrzosowa 28a, Szczyrk"]
[Date "1899-12-30"]
[Round "9.27"]
[White "Zylinski, Piotr"]
[Black "Winter, Anna"]
[Result "1-0"]
[WhiteTitle "I"]
[BlackTitle "I"]
[WhiteElo "1618"]
[BlackElo "1423"]

1. d4 d5 2. Nf3 Nf6 3. e3 a6 4. Bd3 Bg4 5. O-O e6 6. Nbd2 c5 7. b3 b5 8. h3 Bh5
9. dxc5 Bxc5 10. Bb2 Nbd7 11. Qe2 O-O 12. Rad1 Rc8 13. e4 dxe4 14. Nxe4 Nxe4 15.
Bxe4 Qc7 16. Rd2 Bg6 17. Bxg6 hxg6 18. Rfd1 Nb6 19. Ne5 Bb4 20. c3 Bxc3 21. Bxc3
Qxc3 22. Nxg6 Qf6 23. Ne5 Rfd8 24. Rxd8+ Rxd8 25. Rxd8+ Qxd8 26. Qd3 Qxd3 27.
Nxd3 Nd5 28. Nc5 Nb4 29. a4 bxa4 30. bxa4 Kf8 31. Kf1 Ke7 32. Ke2 Kd6 33. Ne4+
Kd5 34. Nc3+ Kd6 35. Ke3 Nd5+ 36. Kd4 Nxc3 37. Kxc3 Kc5 38. f4 f6 39. g4 e5 40.
fxe5 fxe5 41. h4 e4 42. g5 e3 43. Kd3 Kb4 44. h5 Kxa4 45. h6 gxh6 46. gxh6 Kb3
47. h7 a5 48. h8=Q a4 49. Qg8+ Kb4 50. Qb8+ Ka3 51. Kc2 e2 52. Qb2# 1-0

[Event "TURNIEJ O PUCHAR UKS PALAC MLODZIEZY KATOWICE Z OKAZJI DNIA NIEPODLEGLOSCI"]
[Site "Centrum Kongresow i Rekreacji Orle Gniazdo ul. Wrzosowa 28a, Szczyrk"]
[Date "1899-12-30"]
[Round "9.28"]
[White "Szych, Adam"]
[Black "Dyrda, Jakub"]
[Result "0-1"]
[WhiteTitle "II"]
[BlackTitle "II"]
[WhiteElo "1376"]
[BlackElo "1575"]

1. e4 g6 2. d4 Bg7 3. Nc3 d6 4. f4 a6 5. Nf3 b5 6. a3 Bb7 7. Bd3 Nd7 8. O-O c5
9. dxc5 Nxc5 10. Be3 Bxc3 11. bxc3 Nxe4 12. Bxe4 Bxe4 13. Qd4 Nf6 14. Rac1 O-O
15. Nd2 Bb7 16. Rfe1 Qc7 17. Qd3 Rac8 18. Bd4 Nd5 19. Qh3 Nxf4 20. Qh4 e5 21.
Be3 Nxg2 22. Bh6 Nxh4 23. Bxf8 Rxf8 24. Rf1 Qc6 25. Rf2 Qxc3 26. Rcf1 Qh3 27.
Nf3 Nxf3+ 28. Rxf3 Bxf3 29. Rxf3 Qxf3 0-1

[Event "TURNIEJ O PUCHAR UKS PALAC MLODZIEZY KATOWICE Z OKAZJI DNIA NIEPODLEGLOSCI"]
[Site "Centrum Kongresow i Rekreacji Orle Gniazdo ul. Wrzosowa 28a, Szczyrk"]
[Date "1899-12-30"]
[Round "9.29"]
[White "Kulec, Gabriela"]
[Black "Wolak, Kamil"]
[Result "0-1"]
[WhiteTitle "II"]
[BlackTitle "II"]
[WhiteElo "1370"]
[BlackElo "1520"]

1. c4 c6 2. Nc3 d5 3. cxd5 cxd5 4. d4 Nf6 5. Nf3 Nc6 6. g3 Bf5 7. a3 e6 8. Bg2
Bd6 9. O-O a6 10. Bf4 Bxf4 11. gxf4 O-O 12. e3 Ne4 13. Nxe4 Bxe4 14. Qe2 Ne7 15.
Nh4 Bxg2 16. Nxg2 Nf5 17. Kh1 Qf6 18. Qg4 Rac8 19. Rac1 Nd6 20. h4 Nc4 21. b3
Nd2 22. Rg1 Nxb3 23. Rxc8 Rxc8 24. h5 Nd2 25. Nh4 Ne4 26. Nf3 Nxf2+ 0-1

[Event "TURNIEJ O PUCHAR UKS PALAC MLODZIEZY KATOWICE Z OKAZJI DNIA NIEPODLEGLOSCI"]
[Site "Centrum Kongresow i Rekreacji Orle Gniazdo ul. Wrzosowa 28a, Szczyrk"]
[Date "1899-12-30"]
[Round "9.30"]
[White "Lascar, Maria Elena"]
[Black "Krzysztynska, Anna"]
[Result "0-1"]
[WhiteTitle "I+"]
[BlackTitle "I"]
[WhiteElo "1340"]
[BlackElo "1487"]

1. e4 e5 2. Nf3 Nc6 3. Nc3 Bc5 4. Nxe5 Nxe5 5. d4 Bd6 6. dxe5 Bxe5 7. Bd3 Nf6 8.
O-O d6 9. f4 Bxc3 10. bxc3 O-O 11. Qf3 Re8 12. Re1 c6 13. c4 Bf5 14. e5 Bxd3 15.
cxd3 dxe5 16. fxe5 Qd4+ 17. Be3 Qxe5 18. d4 Qe6 19. Rac1 Ng4 20. Bd2 Qd7 21. Bc3
Nf6 22. h3 Re6 23. d5 cxd5 24. Rxe6 Qxe6 25. Bxf6 gxf6 26. cxd5 Qb6+ 27. Kh1 Rd8
28. Qg3+ Kh8 29. Qf3 Qd6 30. Rd1 Kg7 31. Qg4+ Kh8 32. Qf3 Qe5 33. Kg1 f5 34. Qf2
Rxd5 35. Rxd5 Qxd5 36. Qxa7 Qd1+ 37. Kf2 Qd2+ 38. Kf3 Qd3+ 39. Kf4 Qe4+ 40. Kg3
f4+ 41. Kf2 Kg7 42. Qb8 Qe3+ 43. Kf1 Qc1+ 44. Kf2 Qb2+ 45. Kf3 Qxa2 46. Qxf4 Qb3+
47. Kg4 Qe6+ 48. Kf3 Qc6+ 49. Kg4 Qg6+ 50. Kf3 Qd3+ 51. Kf2 b5 52. Qe5+ Kg6 53.
Qe8 Qd2+ 54. Kf3 b4 55. Qg8+ Kf6 56. Qb8 Qc3+ 57. Ke2 Qe5+ 58. Qxe5+ Kxe5 0-1

[Event "TURNIEJ O PUCHAR UKS PALAC MLODZIEZY KATOWICE Z OKAZJI DNIA NIEPODLEGLOSCI"]
[Site "Centrum Kongresow i Rekreacji Orle Gniazdo ul. Wrzosowa 28a, Szczyrk"]
[Date "1899-12-30"]
[Round "9.31"]
[White "Jordan, Adam"]
[Black "Socha, Krzysztof"]
[Result "1-0"]
[WhiteTitle "II"]
[BlackTitle "II+"]
[WhiteElo "1121"]
[BlackElo "1468"]

1. d4 Nf6 2. Nf3 e6 3. Bf4 c5 4. e3 Nc6 5. Nbd2 cxd4 6. Nxd4 Nxd4 7. exd4 g6 8.
Bd3 Bg7 9. c3 O-O 10. O-O b6 11. Ne4 Bb7 12. Nd6 Bc6 13. Bb5 Bxb5 14. Nxb5 Nd5
15. Bg3 a6 16. Na3 b5 17. Nc2 d6 18. a3 Nc7 19. Nb4 e5 20. dxe5 Bxe5 21. Nc6 Qe8
22. Nxe5 dxe5 23. Re1 f6 24. Qc2 Rd8 25. Rad1 Qe7 26. Rxd8 Rxd8 27. Rd1 Rd7 28.
f3 Qd8 29. Rxd7 Qxd7 30. Bf2 Ne6 31. Bh4 Kf7 32. Bf2 Nf4 33. g3 Qd3 34. Qb3+ Qd5
35. Qc2 Ne6 36. Kg2 Ng5 37. Qe2 1-0

[Event "TURNIEJ O PUCHAR UKS PALAC MLODZIEZY KATOWICE Z OKAZJI DNIA NIEPODLEGLOSCI"]
[Site "Centrum Kongresow i Rekreacji Orle Gniazdo ul. Wrzosowa 28a, Szczyrk"]
[Date "1899-12-30"]
[Round "9.32"]
[White "Kietrys, Maciej"]
[Black "Skowron, Mateusz"]
[Result "0-1"]
[WhiteTitle "II"]
[BlackTitle "I"]
[WhiteElo "1285"]
[BlackElo "1448"]

1. e4 c6 2. d4 d5 3. Nd2 dxe4 4. Nxe4 Bf5 5. Ng3 Bg6 6. h4 h6 7. h5 Bh7 8. Nf3
Nd7 9. Bd3 Bxd3 10. Qxd3 e6 11. Bf4 Qa5+ 12. c3 Ngf6 13. O-O Nxh5 14. Nxh5 Qxh5
15. Ne5 Nxe5 16. Bxe5 Qg5 17. f4 Qh5 18. Rf3 Qf5 19. Qxf5 exf5 20. Re1 Kd7 21.
d5 cxd5 22. Rd3 Kc6 23. Red1 Rd8 24. Kf1 f6 25. Bd4 Bc5 26. Kf2 Bxd4+ 27. Rxd4
Rd7 28. Re1 Rhd8 29. Re6+ Rd6 30. Re7 R8d7 31. Re8 a6 32. Re2 Kc7 33. Re8 Rf7
34. Re2 Kd7 35. Red2 Re7 36. Rxd5 Rxd5 37. Rxd5+ Kc6 38. Rd4 Re4 39. Rxe4 fxe4
40. Ke3 Kd5 41. g4 g6 42. b3 b5 43. c4+ bxc4 44. bxc4+ Kxc4 45. Kxe4 a5 46. a4
Kb4 47. Kd5 Kxa4 48. Ke6 Kb4 49. Kxf6 a4 50. Kxg6 a3 51. f5 a2 52. Kxh6 a1=Q 53.
Kg6 Qg1 54. g5 Qb6+ 55. f6 Qd8 56. Kg7 Kc5 57. g6 Kd6 58. f7 Ke7 59. Kh7 Qf8 60.
g7 Qxf7 61. Kh8 Qh5+ 62. Kg8 Kf6 63. Kf8 Qe5 64. Kg8 Qg5 65. Kf8 Qxg7+ 66. Ke8
Qe7# 0-1

[Event "TURNIEJ O PUCHAR UKS PALAC MLODZIEZY KATOWICE Z OKAZJI DNIA NIEPODLEGLOSCI"]
[Site "Centrum Kongresow i Rekreacji Orle Gniazdo ul. Wrzosowa 28a, Szczyrk"]
[Date "1899-12-30"]
[Round "9.34"]
[White "Jaszczuk, Mateusz"]
[Black "Wisniewski, Jacek"]
[Result "0-1"]
[WhiteTitle "II"]
[BlackTitle "k"]
[WhiteElo "1328"]
[BlackElo "1702"]

1. c4 g6 2. Nc3 Bg7 3. g3 f5 4. Bg2 e5 5. d3 Nf6 6. e4 fxe4 7. Nxe4 O-O 8. Ne2
Nxe4 9. dxe4 d6 10. O-O Nc6 11. Be3 Bg4 12. h3 Bf3 13. Rb1 Bxg2 14. Kxg2 Kh8 15.
b4 Qf6 16. b5 Qf3+ 17. Kh2 Ne7 18. Nc3 Qf7 19. Nd5 Nxd5 20. cxd5 h5 21. Qc2 Kh7
22. Rbc1 Rac8 23. Bxa7 h4 24. Qe2 Bh6 25. Be3 Qe7 26. Bxh6 Kxh6 27. Qe3+ Kh7 28.
Rc2 Rf7 29. g4 Rcf8 30. Rfc1 Rf3 31. Qe1 Qg5 32. Rxc7+ Kh6 33. R1c2 Qf4+ 34. Kg1
Rxh3 35. Qd2 g5 36. Qxf4 Rxf4 37. Rd7 Rxg4+ 38. Kf1 Rh1+ 39. Ke2 Rxe4+ 40. Kf3
Rf4+ 41. Ke3 Re1+ 42. Kd2 Rxf2+ 43. Kxe1 Rxc2 44. Rxd6+ Kh5 45. Re6 h3 46. Rxe5
h2 0-1

[Event "TURNIEJ O PUCHAR UKS PALAC MLODZIEZY KATOWICE Z OKAZJI DNIA NIEPODLEGLOSCI"]
[Site "Centrum Kongresow i Rekreacji Orle Gniazdo ul. Wrzosowa 28a, Szczyrk"]
[Date "1899-12-30"]
[Round "9.35"]
[White "Dixa, Stanislaw"]
[Black "Wojtas, Julia"]
[Result "1-0"]
[WhiteTitle "I"]
[BlackTitle "I"]
[WhiteElo "1667"]
[BlackElo "1306"]

1. e4 c5 2. Nf3 d6 3. d4 cxd4 4. Nxd4 Nf6 5. Nc3 a6 6. Bc4 e6 7. O-O Be7 8. Bg5
O-O 9. Re1 b5 10. Bb3 Bb7 11. Bxe6 fxe6 12. Nxe6 Qd7 13. Nxf8 Kxf8 14. Qd2 Nc6
15. Bxf6 Bxf6 16. Nd5 Qd8 17. c3 Kg8 18. Rad1 Ne5 19. b3 Rc8 20. f4 Nc6 21. Nxf6+
Qxf6 22. Qxd6 Qxc3 23. Qe6+ Kh8 24. Qd7 Rb8 25. Qc7 Qc5+ 26. Kh1 Qe7 27. Rd7 Qb4
28. Qxb8+ Nxb8 29. Rd8+ 1-0

[Event "TURNIEJ O PUCHAR UKS PALAC MLODZIEZY KATOWICE Z OKAZJI DNIA NIEPODLEGLOSCI"]
[Site "Centrum Kongresow i Rekreacji Orle Gniazdo ul. Wrzosowa 28a, Szczyrk"]
[Date "1899-12-30"]
[Round "9.36"]
[White "Majdecki, Robert"]
[Black "Kosztyla, Mateusz"]
[Result "1-0"]
[WhiteTitle "II"]
[BlackTitle "II"]
[WhiteElo "1589"]
[BlackElo "1288"]

1. e4 e5 2. Nf3 Nc6 3. d4 exd4 4. Nxd4 Nxd4 5. Qxd4 d6 6. Nc3 Be6 7. Be3 Nf6 8.
Bd3 g6 9. Bg5 Bg7 10. Qe3 O-O 11. O-O Qd7 12. Rad1 Rfe8 13. f4 c6 14. Qd2 Bg4
15. Rde1 Qc7 16. h3 Bd7 17. f5 d5 18. fxg6 fxg6 19. Bxf6 dxe4 20. Nxe4 Bf5 21.
Bxg7 Kxg7 22. Qc3+ 1-0

[Event "TURNIEJ O PUCHAR UKS PALAC MLODZIEZY KATOWICE Z OKAZJI DNIA NIEPODLEGLOSCI"]
[Site "Centrum Kongresow i Rekreacji Orle Gniazdo ul. Wrzosowa 28a, Szczyrk"]
[Date "1899-12-30"]
[Round "9.37"]
[White "Jurkiewicz, Zuzanna"]
[Black "Bien, Hubert"]
[Result "1/2-1/2"]
[WhiteTitle "I+"]
[BlackTitle "II"]
[WhiteElo "1551"]
[BlackElo "1267"]

1. e4 e6 2. d4 d5 3. e5 c5 4. c3 Nc6 5. Nf3 Qb6 6. a3 Nge7 7. b4 cxd4 8. cxd4 Nf5
9. Bb2 Bd7 10. g3 Rc8 11. Bh3 Na5 12. Bxf5 exf5 13. Nbd2 Nc4 14. Nxc4 Rxc4 15.
O-O Be7 16. Rc1 Rxc1 17. Qxc1 O-O 18. Qd2 Rc8 19. Rc1 Rxc1+ 20. Qxc1 Qc6 21. Qxc6
Bxc6 22. Nd2 Ba4 23. f3 Kf8 24. Nb1 Ke8 25. Nc3 Bc6 26. Kf2 Kd8 27. h3 a6 28.
Ne2 Bg5 29. h4 Bh6 30. g4 fxg4 31. fxg4 g6 32. g5 Bf8 33. Nc1 h6 34. Nd3 hxg5
35. hxg5 Be7 36. Bc1 Bb5 37. Nc5 Bxc5 38. bxc5 Kd7 39. Ke3 Ke6 40. Kf4 Bc4 41.
Bd2 Bb5 42. Ba5 Ba4 43. Bb6 Bb5 1/2-1/2

[Event "TURNIEJ O PUCHAR UKS PALAC MLODZIEZY KATOWICE Z OKAZJI DNIA NIEPODLEGLOSCI"]
[Site "Centrum Kongresow i Rekreacji Orle Gniazdo ul. Wrzosowa 28a, Szczyrk"]
[Date "1899-12-30"]
[Round "9.38"]
[White "Jakubowska, Urszula"]
[Black "Zerebiec, Maurycy"]
[Result "0-1"]
[WhiteTitle "I"]
[BlackTitle "II"]
[WhiteElo "1450"]
[BlackElo "1248"]

1. b4 e6 2. b5 d5 3. Bb2 Nf6 4. e3 Bd7 5. c4 c6 6. Nc3 dxc4 7. Bxc4 cxb5 8. Nxb5
Bxb5 9. Bxb5+ Nbd7 10. Qf3 b6 11. Bxf6 gxf6 12. Bxd7+ Kxd7 13. Rc1 Bd6 14. Qb7+
Ke8 15. Nf3 Rg8 16. g3 Qb8 17. Qc6+ Ke7 18. O-O Qc8 19. Nd4 Bc5 20. Qxc8 Raxc8
21. Nb5 a6 22. Nc3 Rgd8 23. Ne4 Rd5 24. d4 f5 25. Nd2 Rcd8 26. dxc5 Rxd2 27. cxb6
Rb8 28. Rc7+ Kd6 29. Rb1 Rxa2 30. Rxf7 Ra5 31. b7 Rb5 32. Rxb5 axb5 33. Rxh7 b4
34. Kf1 Kc5 35. Ke2 Kc4 36. Kd2 Kb3 37. Kc1 Ka2 38. Kc2 b3+ 39. Kc3 b2 40. Rh6
b1=Q 41. Rxe6 Qb2+ 42. Kd3 Qb5+ 43. Kd4 Rxb7 44. Kc3 Rc7+ 45. Kd2 Qb4+ 46. Ke2
Rc2+ 47. Kf3 Qb7+ 48. Kf4 Rc4+ 49. Kxf5 Qf3+ 50. Ke5 Re4+ 51. Kd5 Rxe6+ 52. Kxe6
Qxf2 53. e4 Qxh2 54. g4 Qf4 55. e5 Qxg4+ 56. Kd6 Qg8 57. e6 Qe8 58. e7 Kb3 59.
Ke6 Kc4 60. Kd6 Kd4 61. Ke6 Kc5 62. Kf6 Kd6 63. Kf5 Qxe7 64. Kg6 Qf8 65. Kg5 Ke5
66. Kg4 Qf4+ 67. Kh5 Qg3 68. Kh6 Kf6 69. Kh7 Qg7# 0-1

[Event "TURNIEJ O PUCHAR UKS PALAC MLODZIEZY KATOWICE Z OKAZJI DNIA NIEPODLEGLOSCI"]
[Site "Centrum Kongresow i Rekreacji Orle Gniazdo ul. Wrzosowa 28a, Szczyrk"]
[Date "1899-12-30"]
[Round "9.39"]
[White "Burzak, Wojciech"]
[Black "Markiewicz, Krzysztof"]
[Result "1/2-1/2"]
[WhiteTitle "I"]
[BlackTitle "II"]
[WhiteElo "1435"]
[BlackElo "1231"]

1. e4 c5 2. Nf3 d6 3. d4 cxd4 4. Nxd4 Nf6 5. Nc3 g6 6. Be3 Bg7 7. f3 a6 8. Qd2
b5 9. g4 Bb7 10. h4 Nc6 11. O-O-O Nd7 12. h5 Nxd4 13. Bxd4 Bxd4 14. Qxd4 O-O 15.
hxg6 fxg6 16. Be2 Rf7 17. Rh6 Nf8 18. e5 e6 19. f4 d5 20. Rdh1 Qe7 21. Bd3 b4
22. Ne2 a5 23. Ng3 Ba6 24. Bxa6 Rxa6 25. Qd3 Ra7 26. f5 exf5 27. gxf5 gxf5 28.
Nxf5 Qg5+ 29. Ne3 Rf3 30. R6h3 Raf7 31. Rxf3 Rxf3 32. Qxd5+ Rf7 33. Kd2 Qg7 34.
Rf1 Ng6 35. Rxf7 Qxf7 36. Qxf7+ Kxf7 37. c3 Nxe5 38. cxb4 axb4 39. a3 bxa3 40.
bxa3 h5 41. a4 Nc6 42. Kc3 Ke6 43. Kc4 h4 44. Kb5 Kd7 45. Kb6 h3 46. Nf1 Kd6 47.
Nh2 Kd7 48. Nf1 Kd6 1/2-1/2

[Event "TURNIEJ O PUCHAR UKS PALAC MLODZIEZY KATOWICE Z OKAZJI DNIA NIEPODLEGLOSCI"]
[Site "Centrum Kongresow i Rekreacji Orle Gniazdo ul. Wrzosowa 28a, Szczyrk"]
[Date "1899-12-30"]
[Round "9.40"]
[White "Musiala, Jakub"]
[Black "Wawro, Kacper"]
[Result "1-0"]
[WhiteTitle "II+"]
[BlackTitle "III"]
[WhiteElo "1433"]
[BlackElo "1223"]

1. e4 c5 2. Nc3 Nc6 3. g3 e6 4. Bg2 Nf6 5. f4 d6 6. Nf3 Be7 7. d3 O-O 8. O-O b6
9. a3 Bb7 10. Qe1 Nd4 11. Qf2 Qc7 12. Nxd4 cxd4 13. Qxd4 e5 14. fxe5 dxe5 15.
Qf2 Rad8 16. h3 Bc5 17. Be3 Bxe3 18. Qxe3 Qc5 19. Qxc5 bxc5 20. g4 h6 21. Ne2
g5 22. Ng3 Nd7 23. Nf5 Kh7 24. Nd6 Bc6 25. Nxf7 Rb8 26. b3 Rb7 27. Nd6 Rc7 28.
Rxf8 Nxf8 29. Rf1 Kg7 30. Nf5+ Kh7 31. Nd6 Kg7 32. Rf5 Re7 33. Nc4 Nd7 34. Kf2
Rf7 35. Rxf7+ Kxf7 36. Ke3 Ke6 37. Bf1 Bb5 38. Nb2 Nf8 39. b4 cxb4 40. axb4 Ng6
41. c4 Be8 42. d4 exd4+ 43. Kxd4 Kd6 44. c5+ Kc6 45. b5+ Kd7 46. Nc4 Kc7 47. Nd6
Bd7 48. e5 Be6 49. Nc4 Ne7 50. b6+ axb6 51. cxb6+ Kb8 52. Nd6 Nc6+ 53. Ke4 Nd8
54. Bc4 Bxc4 55. Nxc4 Ne6 56. Kf5 Nd4+ 57. Kg6 Ne6 58. Kxh6 Kb7 59. Kh5 Kc8 60.
h4 gxh4 61. Kxh4 Nf4 62. g5 Ng6+ 63. Kh5 Nf8 64. g6 Ne6 65. Kh6 Kb7 66. g7 Nxg7
67. Kxg7 Kc8 68. e6 Kd8 69. Kf7 Kc8 70. e7 Kb7 71. e8=Q Ka6 72. Qa8+ Kb5 73. Qd5+
Ka6 74. b7 Ka7 75. Qc6 Kb8 76. Qc8+ Ka7 77. b8=Q# 1-0

[Event "TURNIEJ O PUCHAR UKS PALAC MLODZIEZY KATOWICE Z OKAZJI DNIA NIEPODLEGLOSCI"]
[Site "Centrum Kongresow i Rekreacji Orle Gniazdo ul. Wrzosowa 28a, Szczyrk"]
[Date "1899-12-30"]
[Round "9.41"]
[White "Tomkiewicz, Jakub"]
[Black "Swider, Pawel"]
[Result "1/2-1/2"]
[WhiteTitle "II"]
[BlackTitle "I"]
[WhiteElo "1190"]
[BlackElo "1429"]

1. e4 c6 2. Nf3 d5 3. exd5 cxd5 4. d4 Nc6 5. Nc3 Nf6 6. Be3 Bg4 7. Bb5 a6 8. Bxc6+
bxc6 9. O-O e6 10. h3 Bh5 11. b3 Bd6 12. Ne2 Bxf3 13. gxf3 O-O 14. Ng3 Rc8 15.
Bg5 h6 16. Be3 c5 17. dxc5 Bxc5 18. Bxc5 Rxc5 19. Rc1 Qc7 20. Qd3 Rc8 21. Qxa6
Ra5 22. Qd3 Rxa2 23. c4 dxc4 24. Rxc4 Qb7 25. Rxc8+ Qxc8 26. Rb1 Nd5 27. Ne4 Qb8
28. Qc4 Qf4 29. Qd3 Qh4 30. Kh2 Nf4 31. Qf1 Ra5 32. Ng3 Re5 33. b4 Qg5 34. Ne4
Qh5 35. Ng3 Qxf3 36. b5 Ne2 37. Nxe2 Rxe2 38. b6 Rxf2+ 39. Qxf2 Qxf2+ 40. Kh1
Qf3+ 41. Kh2 Qe2+ 42. Kg1 Qe3+ 43. Kh2 Qd2+ 44. Kg1 Qd4+ 45. Kh2 Qd2+ 46. Kg1
Qd6 47. b7 Qb8 48. Kf2 Kh7 49. Ke3 f6 50. Kd4 Kg6 51. Kc5 Qc7+ 52. Kd4 Qd6+ 53.
Kc4 Qd5+ 54. Kc3 Qe5+ 55. Kc4 Qe4+ 56. Kc3 Qxb1 57. Kd4 Qxb7 58. Kd3 Qb4 59. Ke3
e5 60. Kf3 f5 61. Ke3 Qc3+ 62. Kf2 Qd2+ 63. Kg3 Qe3+ 64. Kg2 Kg5 65. h4+ Kxh4
66. Kf1 Kg3 1/2-1/2

[Event "TURNIEJ O PUCHAR UKS PALAC MLODZIEZY KATOWICE Z OKAZJI DNIA NIEPODLEGLOSCI"]
[Site "Centrum Kongresow i Rekreacji Orle Gniazdo ul. Wrzosowa 28a, Szczyrk"]
[Date "1899-12-30"]
[Round "9.42"]
[White "Chodorowski, Adrian"]
[Black "Smuda, Tomasz"]
[Result "1-0"]
[WhiteTitle "II"]
[BlackTitle "III"]
[WhiteElo "1392"]
[BlackElo "1213"]

1. c4 c5 2. Nc3 Nc6 3. g3 Nf6 4. Bg2 e6 5. Nf3 d5 6. cxd5 exd5 7. O-O Be6 8. d3
Be7 9. Ng5 Qd7 10. Nxe6 Qxe6 11. Bg5 h6 12. Bxf6 Bxf6 13. Bxd5 Qd6 14. Nb5 Qd7
15. Bxc6 Qxc6 16. Nc3 O-O 17. Rb1 Rad8 18. Qb3 Rfe8 19. Ne4 b6 20. Nxf6+ Qxf6
21. Rfe1 Qc6 22. Rbc1 Qd6 23. Qc2 Rc8 24. Qd2 c4 25. Red1 Red8 26. Qe1 Qe6 27.
Rc3 b5 28. Rdc1 cxd3 29. Rxc8 Rxc8 30. Rxc8+ Qxc8 31. exd3 Qc2 32. Qc3 Qb1+ 33.
Kg2 Qxa2 34. d4 Qd5+ 35. Kg1 Qb7 36. Qd2 a6 37. d5 Kf8 38. d6 Ke8 39. Qe3+ Kd7
40. Qe7+ Kc6 41. Qe4+ Kd7 42. Qxb7+ Kxd6 43. Qxa6+ Kc5 44. Qc8+ Kb4 45. Qd7 f6
46. Qxg7 Kb3 47. Qxf6 b4 48. Qxh6 Kxb2 49. Qb6 b3 50. h4 Kc2 51. h5 b2 52. h6
b1=R+ 53. Qxb1+ Kxb1 54. h7 Kc2 55. h8=Q Kd3 56. Qe8 Kd4 57. g4 Kd5 58. g5 Kd4
59. g6 Kd5 60. g7 Kd4 61. g8=R Kd5 62. Rg7 Kd4 63. Rd7+ Kc5 64. Qc8+ Kb6 65. Rb7+
1-0

[Event "TURNIEJ O PUCHAR UKS PALAC MLODZIEZY KATOWICE Z OKAZJI DNIA NIEPODLEGLOSCI"]
[Site "Centrum Kongresow i Rekreacji Orle Gniazdo ul. Wrzosowa 28a, Szczyrk"]
[Date "1899-12-30"]
[Round "9.43"]
[White "Pospiech, Mateusz"]
[Black "Wangrat, Jan"]
[Result "1-0"]
[WhiteTitle "III"]
[BlackTitle "II"]
[WhiteElo "1153"]
[BlackElo "1373"]

1. c4 f5 2. Nc3 g6 3. g3 Bg7 4. Bg2 Nf6 5. e3 O-O 6. Nge2 d6 7. O-O e5 8. d4 exd4
9. exd4 Nc6 10. d5 Ne5 11. b3 Re8 12. Bb2 Qe7 13. Nf4 Nf7 14. Re1 Qxe1+ 15. Qxe1
Rxe1+ 16. Rxe1 Ne4 17. Bxe4 fxe4 18. Rxe4 Ne5 19. Kg2 Bf5 20. Re2 Rf8 21. Ne6
Bxe6 22. dxe6 Re8 23. Nd5 Rxe6 24. Bxe5 Bxe5 25. Nxc7 Re7 26. Nd5 Rf7 27. f4 Bg7
28. Re7 Rxe7 29. Nxe7+ Kf7 30. Nd5 Ke6 31. Kf3 Bd4 32. Ke4 Bc5 33. Nc7+ Kd7 34.
Nb5 a5 35. Kd5 b6 36. Nd4 Ke7 37. Nc6+ Kf6 38. Nd4 Kg7 39. h3 Kf6 40. g4 g5 41.
f5 Kf7 42. Ne6 Kf6 43. Nc7 Kf7 44. Nb5 Kf6 45. Nxd6 Ke7 46. Nb5 Bb4 47. Kc6 Bc5
48. Nc3 Kf6 49. Ne4+ Bg1 1-0